[Event "ROM-ch U12 Girls"]
[Site "Calimanesti"]
[Date "2018.04.02"]
[Round "8"]
[White "Costea, Ana Maria Teodora"]
[Black "Luchian, Diana Maria"]
[Result "0-1"]
[WhiteElo "1081"]
[BlackElo "1274"]
[PlyCount "40"]
[EventDate "2018.03.27"]
[EventType "swiss"]
[EventRounds "9"]
[EventCountry "ROU"]
[SourceTitle "CBM 183 Extra"]
[Source "ChessBase"]
[SourceDate "2018.04.19"]
[SourceVersion "1"]
[SourceVersionDate "2018.04.19"]
[SourceQuality "1"]

1. e4 e5 2. Nf3 Nc6 3. Nc3 Nf6 4. Bc4 Bc5 5. d3 h6 6. Bd2 d6 7. h3 a6 8. a3 0-0 9. Qc1 Kh7 10. 0-0 Nd4 11. Nxd4 Bxd4 12. Nd5 Nh5 13. c3 Ba7 14. Re1 c6 15. Nb4 Qh4 16. Kh1 Bxf2 17. Rf1 Bxh3 18. Rxf2 Qxf2 19. Qf1 Ng3+ 20. Kh2 Nxf1+ 0-1

[Event "ROM-ch U12 Girls"]
[Site "Baile Felix"]
[Date "2017.02.05"]
[Round "5"]
[White "Luchian, Diana Maria"]
[Black "Batagan, Ilinca Petra"]
[Result "1/2-1/2"]
[WhiteElo "1319"]
[BlackElo "1343"]
[PlyCount "111"]
[EventDate "2017.02.02"]
[EventType "swiss"]
[EventRounds "9"]
[EventCountry "ROU"]
[SourceTitle "CBM 176 Extra"]
[Source "ChessBase"]
[SourceDate "2017.03.02"]
[SourceVersion "1"]
[SourceVersionDate "2017.03.02"]
[SourceQuality "1"]

1. e4 e5 2. Nf3 Nf6 3. Nxe5 d6 4. Nf3 Nxe4 5. d4 d5 6. Bd3 Bf5 7. 0-0 Be7 8. Re1 Nc6 9. Nc3 Nxc3 10. bxc3 Bxd3 11. Qxd3 0-0 12. Bf4 Re8 13. Re3 Qd7 14. Ne5 Nxe5 15. Bxe5 Bf8 16. Rh3 g6 17. Qg3 Rac8 18. Qh4 f5 19. Qf6 Bg7 20. Qg5 Bxe5 21. dxe5 Rxe5 22. Re3 Rce8 23. Rae1 Rxe3 24. Rxe3 Rxe3 25. Qxe3 a6 26. g3 Kf7 27. Qe5 Kg8 28. h4 Qf7 29. Kg2 Kf8 30. Kg1 Kg8 31. Kg2 Qd7 32. Kg1 Kf7 33. Kf1 c5 34. f4 h5 35. Kf2 Qe6 36. Qc7+ Qe7 37. Qb6 Kg7 38. Qa7 Qc7 39. Ke2 Kf7 40. Qa8 Ke7 41. Qg8 Qc6 42. Qg7+ Kd8 43. Kf2 Kc8 44. Qe5 b5 45. Ke2 Kd7 46. Kd2 Kc8 47. Kc1 Kb7 48. Kb2 a5 49. a3 Ka6 50. Kb3 a4+ 51. Kb2 Kb7 52. Kb1 Kc8 53. Kc1 Kd7 54. Kb2 Qe6 55. Qg7+ Kc6 56. Qh7 1/2-1/2

[Event "ROM-ch U10 Girls"]
[Site "Calimanesti Caciulata"]
[Date "2016.04.25"]
[Round "9"]
[White "Luchian, Diana Maria"]
[Black "Salajan, Stefania"]
[Result "0-1"]
[WhiteElo "1216"]
[BlackElo "1193"]
[PlyCount "66"]
[EventDate "2016.04.18"]
[EventType "swiss"]
[EventRounds "9"]
[EventCountry "ROU"]
[SourceTitle "EXT 2017"]
[Source "ChessBase"]
[SourceDate "2016.10.25"]
[SourceVersion "1"]
[SourceVersionDate "2016.10.25"]
[SourceQuality "1"]

1. e4 c6 2. d4 d6 3. Nf3 Qc7 4. Bc4 Nf6 5. Nc3 Bg4 6. h3 Bh5 7. Bf4 Nbd7 8. 0-0 e5 9. dxe5 dxe5 10. Be3 Be7 11. Qe2 b5 12. Bb3 b4 13. Na4 Nxe4 14. Bxa7 Nef6 15. Be3 e4 16. Qc4 exf3 17. g4 Bg6 18. Qd4 Rg8 19. Rfe1 c5 20. Qc4 Ne4 21. Qd5 Rd8 22. Qc4 Nd6 23. Bf4 Qc6 24. Bxd6 Qxd6 25. Rad1 Qf6 26. Qb5 Qh4 27. Qf1 h5 28. Rxe7+ Qxe7 29. Re1 Ne5 30. Qb5+ Kf8 31. Qb6 hxg4 32. Rxe5 Rd1+ 33. Kh2 Qxe5# 0-1

[Event "ROM-ch U10 Girls"]
[Site "Calimanesti Caciulata"]
[Date "2016.04.22"]
[Round "6"]
[White "Boureanu, Bianca Alina"]
[Black "Luchian, Diana Maria"]
[Result "1-0"]
[WhiteElo "1052"]
[BlackElo "1216"]
[PlyCount "105"]
[EventDate "2016.04.18"]
[EventType "swiss"]
[EventRounds "9"]
[EventCountry "ROU"]
[SourceTitle "CBM 172 Extra"]
[Source "ChessBase"]
[SourceDate "2016.06.21"]
[SourceVersion "1"]
[SourceVersionDate "2016.06.21"]
[SourceQuality "1"]

1. e4 e5 2. Nf3 Nf6 3. Nc3 Nc6 4. Bc4 d6 5. Ng5 Be6 6. Bxe6 fxe6 7. Nxe6 Qd7 8. Nxf8 Rxf8 9. 0-0 Nd4 10. d3 h6 11. Be3 g5 12. Nd5 0-0-0 13. Nxf6 Rxf6 14. Bxd4 exd4 15. c3 dxc3 16. bxc3 Re8 17. Re1 Qf7 18. Re2 h5 19. Rb2 b6 20. Qa4 Kb7 21. Re1 Rf8 22. Ree2 g4 23. e5 dxe5 24. Qe4+ Kb8 25. Qxe5 Rd8 26. Rbd2 Qg6 27. Qg3 Rc6 28. Qe5 Rxd3 29. Qe8+ Qxe8 30. Rxe8+ Kb7 31. Rxd3 a5 32. h3 gxh3 33. Rxh3 h4 34. Re4 Rd6 35. Rd4 Re6 36. Re3 Rg6 37. Rxh4 Rd6 38. Rd4 Rh6 39. Re7 Rc6 40. c4 Rf6 41. Rd5 Rc6 42. Re4 Rf6 43. Rb5 Rc6 44. c5 Rxc5 45. Rxc5 bxc5 46. g4 Kc8 47. g5 Kd7 48. g6 Kd6 49. g7 Kd7 50. Re1 Kd6 51. g8Q Kd7 52. Qd5+ Kc8 53. Re8# 1-0

[Event "ROM-ch U10 Girls"]
[Site "Calimanesti Caciulata"]
[Date "2016.04.21"]
[Round "5"]
[White "Luchian, Diana Maria"]
[Black "Iorga, Maria Irina"]
[Result "1/2-1/2"]
[WhiteElo "1216"]
[BlackElo "1042"]
[PlyCount "75"]
[EventDate "2016.04.18"]
[EventType "swiss"]
[EventRounds "9"]
[EventCountry "ROU"]
[SourceTitle "CBM 172 Extra"]
[Source "ChessBase"]
[SourceDate "2016.06.21"]
[SourceVersion "1"]
[SourceVersionDate "2016.06.21"]
[SourceQuality "1"]

1. e4 c5 2. c4 d6 3. Nc3 Nf6 4. g3 g6 5. Bg2 Bg7 6. Nge2 0-0 7. 0-0 Nc6 8. d3 Bg4 9. h3 Bxe2 10. Nxe2 Qd7 11. Be3 b6 12. f4 e5 13. f5 h5 14. Qd2 Kh7 15. Bg5 Rad8 16. g4 Rc8 17. Bxf6 Bxf6 18. gxh5 gxh5 19. Ng3 h4 20. Nh5 Qe7 21. Qe2 Rg8 22. Kh1 Nd4 23. Qd1 Rg5 24. Rc1 Rcg8 25. Rg1 Kh6 26. Nxf6 Qxf6 27. Qd2 Kh7 28. Qf2 R5g7 29. Rcd1 a5 30. b3 Rg5 31. Qxh4+ Qh6 32. Qxh6+ Kxh6 33. Rde1 Rh5 34. Kh2 Nc2 35. Re2 Nd4 36. Re3 Nc2 37. Re2 Nd4 38. Re3 1/2-1/2